| 000 | 00479nam a22001697a 4500 | ||
|---|---|---|---|
| 999 |
_c526095 _d526095 |
||
| 003 | NUST | ||
| 038 | _awaseem | ||
| 082 |
_a891.4911092 _bAKH |
||
| 100 |
_aAkhtar jaffri _917058 |
||
| 245 |
_aHazrat mian Muhammad bakhsh / _cAkhtar jaffri |
||
| 260 |
_aLahore : _bMaqsood Publishers, _c2007. |
||
| 300 | _a718 p. ; | ||
| 500 | _aHardcover. | ||
| 880 |
_6100-01\r _aسید ا ختر جعفری |
||
| 880 |
_6245-02\r _aحٖٖٖضرت میاں محمد بخش / |
||
| 942 |
_2ddc _cBK |
||